The Marine Bill (Record no. 120512)
[ view plain ]
| 000 -LEADER | |
|---|---|
| fixed length control field | 00900cam a2200181 4500 |
| 001 - CONTROL NUMBER | |
| control field | ##WS134868 |
| 008 - FIXED-LENGTH DATA ELEMENTS--GENERAL INFORMATION | |
| fixed length control field | 060907n 000 0 eng u |
| 035 ## - SYSTEM CONTROL NUMBER | |
| System control number | (Sirsi) u134868 |
| 041 0# - LANGUAGE CODE | |
| Language code of text/sound track or separate title | eng |
| 110 1# - MAIN ENTRY--CORPORATE NAME | |
| Corporate name or jurisdiction name as entry element | United Kingdom |
| Subordinate unit | Department for Environment, Food and Rural Affairs |
| 245 04 - TITLE STATEMENT | |
| Title | The Marine Bill |
| 520 ## - SUMMARY, ETC. | |
| Summary, etc. | DEFRA web pages concerning the preparation of a Marine Bill. Its aim is to put in place a better system for delivering sustainable development of the marine and coastal environment. Provides a link to the March 2006 consultation document on a Marine Bill. |
| 650 24 - SUBJECT ADDED ENTRY--TOPICAL TERM | |
| Topical term or geographic name entry element | MARINE BILL 2006 |
| 651 #4 - SUBJECT ADDED ENTRY--GEOGRAPHIC NAME | |
| Geographic name | United Kingdom |
| Chronological subdivision | |
| 690 ## - LOCAL SUBJECT ADDED ENTRY--TOPICAL TERM (OCLC, RLIN) | |
| Topical term or geographic name as entry element | PROPERTY-RURAL AND NATURAL ASSETS-MARINE RESOURCES-MARINE RESOURCE MANAGEMENT |
| 856 40 - ELECTRONIC LOCATION AND ACCESS | |
| Uniform Resource Identifier | <a href="https://www.defra.gov.uk/ENVIRONMENT/water/marine/uk/policy/marine-bill/index.htm">https://www.defra.gov.uk/ENVIRONMENT/water/marine/uk/policy/marine-bill/index.htm</a> |
| Public note | View the website free of charge at www.defra.gov.uk... |
| 942 ## - ADDED ENTRY ELEMENTS (KOHA) | |
| Suppress in OPAC | 0 |
| Withdrawn status | Lost status | Source of classification or shelving scheme | Damaged status | Not for loan | Home library | Current library | Shelving location | Date acquired | Total Checkouts | Full call number | Barcode | Date last seen | Copy number | Price effective from | Koha item type |
|---|---|---|---|---|---|---|---|---|---|---|---|---|---|---|---|
| Dewey Decimal Classification | Virtual | Virtual | Online | 07/09/2006 | WEB SITE | 134868-2001 | 06/08/2019 | 1 | 06/08/2019 | Online material |